| 000 -ლიდერი |
| ფიქსირებული სიგრძის საკონტროლო ველი |
02383nam a22002777a 4500 |
| 003 - საკონტროლო ნომრის იდენტიფიკატორი |
| საკონტროლო ველი |
Ge_BSU |
| 005 - ბოლო ოპერაციის თარიღი და დრო |
| საკონტროლო ველი |
20220610131345.0 |
| 008 - ფიქსირებული სიგრძის მონაცემთა ელემენტები - ზოგადი ინფორმაცია |
| ფიქსირებული სიგრძის საკონტროლო ველი |
220610t2022 ge ||||| |||| 00| 0 geo d |
| 020 ## - წიგნის საერთაშორისო სტანდარტული ნომერი |
| International Standard Book Number |
9789941842344 |
| 041 ## - ენის კოდი |
| Language code of text/sound track or separate title |
geo |
| 080 ## - უნივერსალური ათობითი კლასიფიკაციის ინდექსი |
| Universal Decimal Classification number |
657(075.8) ს-37 |
| 245 ## - ცნობა სათაურის შესახებ |
| Title |
საჯარო სექტორის აუდიტორთა სერტიფიცირების სახელმძღვანელო : |
| Remainder of title |
III-IV-V კარი / |
| Statement of responsibility, etc |
პროექტის ხელმძღვანელები: გელა წიკლაური, გიორგი ალასანია, თინათინ სიყმაშვილი ; რედაქტორი: მანონი ღუდუშაური, ნანა სუხიტაშვილი, სოფიო ნარიმანიძე. |
| 264 ## - წარმოების, გამოცემის, დისტრიბუციის და სხვა ცნობები |
| გამოცემის, წარმოების, დისტრიბუციის... ადგილი |
თბილისი : |
| გამოცემის, წარმოების, დისტრიბუციის... სახელწოდება |
საჯარო აუდიტის ინსტიტუტი, |
| გამოცემის, წარმოების, დისტრიბუციის... თარიღი |
2022. |
| 300 ## - ფიზიკური აღწერა |
| Extent |
584 გვ. ; |
| Other physical details |
30 სმ. |
| 500 ## - ზოგადი შენიშვნა |
| General note |
სახელმძღვანელო მომზადებულია საჯარო აუდიტის ინსტიტუტის მიერ აშშ-ის საერთაშორისო განვითარების სააგენტოს (USAID) დემოკრატიული მმართველობის ინიციატივის (GGI) პროექტის მხარდაჭერით. |
| 653 ## - INDEX TERM--UNCONTROLLED |
| Uncontrolled term |
აუდიტორული მომსახურება |
| 653 ## - INDEX TERM--UNCONTROLLED |
| Uncontrolled term |
აუდიტი |
| 653 ## - INDEX TERM--UNCONTROLLED |
| Uncontrolled term |
საბიუჯეტო კანომდებლობა |
| 700 ## - ADDED ENTRY--PERSONAL NAME |
| Personal name |
წიკლაური, გელა |
| Relator term |
პროექტის ხელმძღვანელი |
| 9 (RLIN) |
14031 |
| 700 ## - ADDED ENTRY--PERSONAL NAME |
| Personal name |
ალასანია, გიორგი |
| Relator term |
პროექტის ხელმძღვანელი |
| 9 (RLIN) |
9310 |
| 700 ## - ADDED ENTRY--PERSONAL NAME |
| Personal name |
სიყმაშვილი, თინათინ |
| Relator term |
პროექტის ხელმძღვანელი |
| 9 (RLIN) |
14032 |
| 700 ## - ADDED ENTRY--PERSONAL NAME |
| Personal name |
ღუდუშაური, მანონი |
| Relator term |
რედაქტორი |
| 9 (RLIN) |
14033 |
| 700 ## - ADDED ENTRY--PERSONAL NAME |
| Personal name |
სუხიტაშვილი, ნანა |
| Relator term |
რედაქტორი |
| 9 (RLIN) |
5594 |
| 700 ## - ADDED ENTRY--PERSONAL NAME |
| Personal name |
ნარიმანიძე, სოფიო |
| Relator term |
რედაქტორი |
| 9 (RLIN) |
14034 |
| 942 ## - ADDED ENTRY ELEMENTS (KOHA) |
| Source of classification or shelving scheme |
|
| Koha item type |
წიგნი |